La interpretación de las culturas
সংরক্ষণ করুন:
| প্রধান লেখক: | |
|---|---|
| বিন্যাস: | গ্রন্থ |
| ভাষা: | স্প্যানিশ |
| প্রকাশিত: |
Barcelona
Gedisa
1992
|
| মালা: | Colección Antropología
|
| বিষয়গুলি: | |
| ট্যাগগুলো: |
ট্যাগ যুক্ত করুন
কোনো ট্যাগ নেই, প্রথমজন হিসাবে ট্যাগ করুন!
|
MARC
| LEADER | 00000nam a2200000 a 4500 | ||
|---|---|---|---|
| 001 | UCY2625 | ||
| 003 | CL-VaPUC | ||
| 008 | 941107e19920000SP |||||||||||||||||spa|d | ||
| 020 | |a 8474320909 | ||
| 082 | 0 | 4 | |a 302 |b GEE |2 21 |
| 100 | |a Geertz, Clifford |e author |9 524021 | ||
| 245 | 1 | 3 | |a La interpretación de las culturas |
| 300 | |a 387 p | ||
| 942 | |c BK | ||
| 945 | |d 19941107 00:00:00 |a rbrito | ||
| 260 | |a Barcelona |b Gedisa |c 1992 | ||
| 650 | 0 | |a Antropología |9 233030 | |
| 650 | 0 | |a Antropología filosófica |9 265842 | |
| 583 | |a last modification |c 19941107 00:00:00 |k Rodrigo Vera | ||
| 490 | 0 | |a Colección Antropología | |
| 999 | |c 230985 |d 230983 | ||
| 952 | |0 0 |1 0 |4 0 |6 302_000000000000000_GEE_1992 |7 0 |8 A |9 233713 |a BIBEDU |b BIBEDU |d 2019-11-15 |i 3025683 |l 1 |o 302 GEE 1992 |p 3025683 |r 2021-07-08 |s 2021-06-01 |w 2019-11-15 |y BK |k EDU | ||
| 952 | |0 0 |1 0 |4 0 |6 302_000000000000000_GEE_1992 |7 0 |8 A |9 233714 |a BIBEDU |b BIBEDU |d 2019-11-15 |i 3025691 |o 302 GEE 1992 |p 3025691 |r 2019-11-15 |w 2019-11-15 |y BK |k EDU | ||
| 952 | |0 0 |1 0 |4 0 |6 302_000000000000000_GEE_1992 |7 0 |8 A |9 233715 |a BIBEDU |b BIBEDU |d 2019-11-15 |i 302573K |o 302 GEE 1992 |p 302573K |r 2019-11-15 |w 2019-11-15 |y BK |k LIT | ||
| 952 | |0 0 |1 0 |4 0 |6 302_000000000000000_GEE_1992 |7 0 |8 R |9 233716 |a BIBGIM |b BIBGIM |d 2019-11-15 |i 3844668 |o 302 GEE 1992 |p 3844668 |r 2025-01-15 |w 2019-11-15 |y BK_R |k SSL | ||
| 952 | |0 0 |1 0 |4 0 |6 302_000000000000000_GEE_1992 |7 0 |8 A |9 233717 |a BIBEDU |b BIBEDU |d 2019-11-15 |i 3848728 |o 302 GEE 1992 |p 3848728 |r 2019-11-15 |w 2019-11-15 |y BK |k PSI | ||
| 952 | |0 0 |1 0 |4 0 |6 302_000000000000000_GEE_1992 |7 0 |8 R |9 233718 |a BIBGIM |b BIBGIM |d 2019-11-15 |i 4210719 |o 302 GEE 1992 |p 4210719 |r 2025-01-15 |w 2019-11-15 |y BK_R |k SSL | ||
| 952 | |0 0 |1 0 |4 0 |6 302_000000000000000_GEE_1992 |7 0 |8 R |9 233719 |a BIBGIM |b BIBGIM |d 2019-11-15 |i 422308K |o 302 GEE 1992 |p 422308K |r 2025-01-15 |w 2019-11-15 |y BK_R |k SSL | ||